000 00577nam a2200193Ia 4500
003 OSt
005 20250613104827.0
008 210210b1995 xxu||||| |||| 00| 0 eng d
040 _cAL
041 _aKannada
082 _aT894.8 VAMT
100 _aVAMANA NANDAVARA,Ed.
_dವಾಮನ ನಂದಾವರ
_9214800
245 _aTulu sahitya kalavidere mahiti
_bತುಳು ಸಾಹಿತ್ಯ ಕಲಾವಿದರ ಮಾಹಿತಿ
260 _aUdupi
_bTulukuta
_c1995
300 _a135
690 _aTulu Miscellaneous
_9214801
906 _a051491
942 _2ddc
_cBK
999 _c100117
_d100117